000 00535nam a2200181 i 4500
001 145851
003 ES-MaACL
005 20230906201332.0
007 t|
008 071017s1970 sp ||||1| spa d
100 1 _aVega, Daniel.
_9113540
245 1 3 _aLa caridad entre religiosos /
_cDaniel Vega ; prólogo Angel Morta.
260 _aMadrid :
_b[s.n.],
_c1970 (
_fImp. Suc. de Vda. de Galo Sèz)
300 _a207 p. ;
_c19 cm.
700 1 _aMorta, Angel.
_9182531
852 _aES-MaACL
_jC-50747
_bR.73887
999 _c145851
_d145851